000 00561nam a2200181Ia 4500
003 LK-CoDNM
008 010623t2005 xxu||||| |||| 00| 1 sin d
040 _aLK-CoDNM
_dLK-CoDNM
_eLK-CoDNM
041 _asin
080 _a396
_bSRI
245 _aශ්‍රී ලංකා දේශපාලනයේ කාන්තා නියෝජනය
246 _aSri Lankaa deeshapalanayee kaanthaa niyoojanaya
260 _bJaathika saama mandalaya
_aSri Lanka
_c2005
300 _b59, 30.5 cm
650 _aPolitical
650 _aWomen Society
942 _cBK
999 _c125156
_d125156